000 00613nam a2200181 i 4500
001 21546
003 ES-MaACL
005 20250430203728.0
007 t|
008 021126s1929 sp 0011p spa d
080 _a821.134.2-14"19"
100 1 _aAlberti, Rafael,
_d1902-1999
_9240174
245 1 0 _aSobre los ángeles
_b: (1927-1928) /
_cRafael Alberti.
260 _aMadrid :
_bCompañía Ibero-Americana de Publicaciones,
_c[1929] (
_fBlass)
300 _a181 p. ;
_c20 cm.
852 4 _aES-MaACL
_jR-3320
_xOlim: B-3038
_z- Sello: Donativo Amigos del Ateneo 1929
999 _c21546
_d21546